[Event "Rated Blitz game"]
[Site "?"]
[Date "2021.11.10"]
[Round "?"]
[White "nilsonbt"]
[Black "lavilaine"]
[Result "1-0"]
[WhiteElo "2241"]
[BlackElo "2417"]
[PlyCount "85"]
[EventDate "2021.??.??"]
[EventType "blitz"]

1. e4 e5 2. Nf3 d5 3. exd5 e4 4. Qe2 f5 5. d3 Nf6 6. dxe4 fxe4 7. Bg5 Qxd5 8.
Nc3 Bb4 9. Bxf6 gxf6 10. Rd1 Bxc3+ 11. bxc3 Qc6 12. c4 O-O 13. Nd2 f5 14. g3
Nd7 15. Bh3 Ne5 16. O-O Be6 17. Kh1 Rad8 18. Bg2 Rxd2 19. Qxd2 Bxc4 20. Qg5+
Ng6 21. Rfe1 Bxa2 22. h4 Qf6 23. Qh6 Be6 24. h5 Ne5 25. Qf4 Ng4 26. Kg1 Qc3 27.
f3 Qc5+ 28. Kh1 Nf2+ 29. Kh2 Nxd1 30. Rxd1 e3 31. Qg5+ Kh8 32. h6 Qc3 33. Rd8
Rxd8 34. Qxd8+ Bg8 35. g4 f4 36. Qe8 Qf6 37. Kg1 a5 38. Bf1 Qd4 39. Bc4 e2+ 40.
Kg2 e1=N+ 41. Kh3 Qd5 42. Bxd5 Nxf3 43. Qxg8# {Normal} 1-0

[Event "Rated Blitz game"]
[Site "?"]
[Date "2021.11.10"]
[Round "?"]
[White "PhilippeS"]
[Black "fuglfonix"]
[Result "0-1"]
[WhiteElo "2437"]
[BlackElo "2383"]
[PlyCount "32"]
[EventDate "2021.??.??"]
[EventType "blitz"]

1. e4 e5 2. Nf3 d5 3. Nxe5 Bd6 4. d4 dxe4 5. Nc4 Ne7 6. Nc3 f5 7. Nxd6+ cxd6 8.
Bc4 d5 9. Bb3 Be6 10. Bf4 O-O 11. Qd2 Ng6 12. g3 Nxf4 13. gxf4 Nc6 14. O-O-O
Na5 15. Rhg1 Rc8 16. Nxd5 Nxb3+ {Normal} 0-1

[Event "Rated Blitz tournament mSEmyHsV"]
[Site "?"]
[Date "2021.11.10"]
[Round "?"]
[White "taras05"]
[Black "UnknownGM2800"]
[Result "1-0"]
[WhiteElo "2489"]
[BlackElo "2336"]
[PlyCount "27"]
[EventDate "2021.??.??"]
[EventType "blitz"]

1. e4 e5 2. Nf3 d5 3. Nxe5 dxe4 4. Bc4 Be6 5. Bxe6 fxe6 6. Qh5+ g6 7. Nxg6 Nf6
8. Qh3 hxg6 9. Qxh8 Nc6 10. O-O Qe7 11. d3 O-O-O 12. Nc3 exd3 13. cxd3 Rxd3 14.
Bg5 {Normal} 1-0

[Event "Rated Blitz game"]
[Site "?"]
[Date "2021.11.10"]
[Round "?"]
[White "Gabrisalamero"]
[Black "Annali-annaliew1979"]
[Result "0-1"]
[WhiteElo "2474"]
[BlackElo "2474"]
[PlyCount "56"]
[EventDate "2021.??.??"]
[EventType "blitz"]

1. e4 e5 2. Nf3 d5 3. Nxe5 Qe7 4. d4 f6 5. Nd3 Nc6 6. c3 Bf5 7. Be2 Bxe4 8. O-O
Qf7 9. f3 Bf5 10. Nc5 Bxc5 11. dxc5 Nge7 12. Bd3 O-O 13. Be3 Rad8 14. Bf2 Qg6
15. Bxf5 Nxf5 16. Nd2 Rfe8 17. Re1 d4 18. Qb3+ Qf7 19. Qxb7 dxc3 20. bxc3 Ne5
21. Nb3 Nd3 22. Rxe8+ Rxe8 23. Bd4 Nxd4 24. cxd4 Nf4 25. Rd1 Qc4 26. Qxc7 Qe2
27. Qxf4 Qxd1+ 28. Kf2 Qe1# {Normal} 0-1

[Event "Rated Blitz game"]
[Site "?"]
[Date "2021.11.10"]
[Round "?"]
[White "argowilis"]
[Black "blastol"]
[Result "0-1"]
[WhiteElo "2387"]
[BlackElo "2522"]
[PlyCount "44"]
[EventDate "2021.??.??"]
[EventType "blitz"]

1. e4 e5 2. Nf3 d5 3. exd5 Bd6 4. c4 e4 5. Nd4 Nf6 6. h3 O-O 7. Be2 Qe7 8. O-O
Qe5 9. f4 Qxd4+ 10. Kh1 Re8 11. Nc3 c6 12. dxc6 Nxc6 13. Nb5 Qc5 14. a3 Bb8 15.
b4 Qe7 16. Bb2 a6 17. Nc3 Nd4 18. Nd5 Nxd5 19. Bxd4 Nxf4 20. c5 Qg5 21. Rg1
Nxe2 22. Qxe2 Qg3 {Normal} 0-1

[Event "Rated Blitz game"]
[Site "?"]
[Date "2021.11.10"]
[Round "?"]
[White "juniortay"]
[Black "Pepiton61"]
[Result "0-1"]
[WhiteElo "2421"]
[BlackElo "2298"]
[PlyCount "90"]
[EventDate "2021.??.??"]
[EventType "blitz"]

1. e4 e5 2. Nf3 d5 3. d3 Nc6 4. Nbd2 Nf6 5. g3 Bg4 6. Bg2 Bc5 7. O-O O-O 8. c3
a5 9. Qc2 Qd7 10. b3 Rfe8 11. Bb2 Rad8 12. a3 Bb6 13. b4 axb4 14. axb4 dxe4 15.
dxe4 Qd3 16. Qxd3 Rxd3 17. Nc4 Bxf3 18. Bxf3 Rxf3 19. Rad1 Nxe4 20. Nxb6 cxb6
21. Rd7 h5 22. h4 Nxc3 23. Kg2 e4 24. Rc1 Ne2 25. Rc2 Nxb4 26. Rxe2 Nd3 27. Bd4
b5 28. Rxb7 b4 29. Rxe4 Rxf2+ 30. Bxf2 Rxe4 31. Kf3 Nxf2 32. Kxf2 Rc4 33. Kf3
g6 34. Ra7 Kg7 35. Rb7 Kf6 36. Ra7 Ke6 37. Rb7 f6 38. Rb6+ Ke5 39. Rb5+ Kd4 40.
Rb6 Kc3 41. Rxf6 b3 42. Ke3 b2 43. Rf1 Kb3 44. Kd3 Rc1 45. Rf6 b1=Q+ {Normal}
0-1

[Event "Rated Blitz game"]
[Site "?"]
[Date "2021.11.10"]
[Round "?"]
[White "Frogkiller"]
[Black "RiskyBlitzer"]
[Result "0-1"]
[WhiteElo "2551"]
[BlackElo "2476"]
[PlyCount "50"]
[EventDate "2021.??.??"]
[EventType "blitz"]

1. e4 e5 2. Nf3 d5 3. Nxe5 dxe4 4. d4 Bd6 5. Nc4 Nc6 6. Nc3 Nf6 7. Bg5 Bb4 8.
d5 Qxd5 9. Bxf6 Qxd1+ 10. Kxd1 gxf6 11. Nxe4 Bg4+ 12. f3 O-O-O+ 13. Kc1 Be6 14.
Nxf6 Be7 15. Ne4 f5 16. Ned2 Bxc4 17. Bxc4 Bg5 18. Bd3 Ne5 19. Bxf5+ Kb8 20.
Rd1 Nc4 21. Bd3 Nxd2 22. Rxd2 c5 23. b3 b5 24. g3 Bxd2+ 25. Kxd2 c4 {Normal}
0-1

[Event "Rated Blitz game"]
[Site "?"]
[Date "2021.11.10"]
[Round "?"]
[White "mared2"]
[Black "Benny_Watts_2005"]
[Result "1-0"]
[WhiteElo "2413"]
[BlackElo "2374"]
[PlyCount "33"]
[EventDate "2021.??.??"]
[EventType "blitz"]

1. e4 e5 2. Nf3 d5 3. exd5 e4 4. Qe2 Nf6 5. d3 Qxd5 6. Bg5 Be6 7. dxe4 Nxe4 8.
Be3 Nc6 9. c3 Bc5 10. Nbd2 Bxe3 11. Qxe3 Nxd2 12. Nxd2 O-O-O 13. Bc4 Qxg2 14.
Bxe6+ fxe6 15. O-O-O e5 16. Nc4 Rd5 17. Rdg1 {Normal} 1-0

[Event "Rated Blitz game"]
[Site "?"]
[Date "2021.11.10"]
[Round "?"]
[White "ChaMarTambo"]
[Black "blastol"]
[Result "0-1"]
[WhiteElo "2348"]
[BlackElo "2530"]
[PlyCount "120"]
[EventDate "2021.??.??"]
[EventType "blitz"]

1. e4 e5 2. Nf3 d5 3. Nxe5 Bd6 4. d4 dxe4 5. Nc3 Nf6 6. Bc4 O-O 7. O-O Qe8 8.
f4 exf3 9. Nxf3 Bg4 10. Bg5 Ne4 11. Nxe4 Qxe4 12. Qd3 Qxd3 13. Bxd3 Nc6 14. c3
h6 15. Bd2 Rfe8 16. Bc4 Na5 17. Bxf7+ Kxf7 18. Ne5+ Kg8 19. Nxg4 Re2 20. Rf2
Rae8 21. Raf1 Nc4 22. Bc1 h5 23. Ne5 Rxf2 24. Kxf2 Nxe5 25. dxe5 Rxe5 26. Be3
Re4 27. Kf3 Ra4 28. a3 Ra5 29. g3 Rf5+ 30. Ke2 Re5 31. Kd3 Be7 32. Bd4 Rd5 33.
b4 c6 34. c4 Rd7 35. Ke4 b6 36. Rf5 g6 37. Rf3 Rd6 38. Rf1 Re6+ 39. Kd3 c5 40.
bxc5 bxc5 41. Be3 Ra6 42. Bc1 Rd6+ 43. Kc3 Bf6+ 44. Kc2 Kg7 45. Rd1 Rxd1 46.
Kxd1 Bd4 47. h3 Kf6 48. Ke2 Ke5 49. Be3 Bb2 50. Bxc5 a6 51. Kf3 Bc1 52. a4 Ke6
53. Be3 Bb2 54. Ke4 Be5 55. g4 hxg4 56. hxg4 Bc3 57. Bd4 Bd2 58. Be3 Be1 59.
Bd4 Kd6 60. Be3 Kc6 {Time forfeit} 0-1

[Event "Rated Blitz game"]
[Site "?"]
[Date "2021.11.10"]
[Round "?"]
[White "MaoTao"]
[Black "MrGreshen"]
[Result "1/2-1/2"]
[WhiteElo "2539"]
[BlackElo "2524"]
[PlyCount "137"]
[EventDate "2021.??.??"]
[EventType "blitz"]

1. e4 e5 2. Nf3 d5 3. exd5 e4 4. Qe2 Qe7 5. Nd4 Nf6 6. Nc3 Nbd7 7. d3 exd3 8.
Qxe7+ Bxe7 9. Bxd3 Nb6 10. Ndb5 Nfxd5 11. Nxd5 Nxd5 12. c4 Nb4 13. Be4 Na6 14.
Bf4 O-O 15. Nxc7 Nxc7 16. Bxc7 Bb4+ 17. Kf1 Re8 18. f3 f5 19. Bd5+ Be6 20. Rd1
Rac8 21. Bf4 Bxd5 22. cxd5 Red8 23. d6 Rd7 24. Rd4 Bxd6 25. Ke2 Re7+ 26. Kd3
Bxf4 27. Rxf4 Rd7+ 28. Rd4 Rxd4+ 29. Kxd4 Rc2 30. Ke5 Rxb2 31. Rc1 h6 32. g3
Rxh2 33. Kxf5 Rxa2 34. Rc8+ Kh7 35. Rc7 Rb2 36. f4 Rb5+ 37. Kg4 h5+ 38. Kh4 a5
39. Rc8 Kg6 40. Rd8 b6 41. Ra8 Kh7 42. Ra7 Kg6 43. Ra8 Kf6 44. Rf8+ Ke7 45. Ra8
Kd6 46. Rg8 Kc5 47. Rxg7 Kb4 48. Rg5 a4 49. Rxb5+ Kxb5 50. f5 a3 51. f6 a2 52.
f7 a1=Q 53. f8=Q Qe5 54. Qf1+ Ka5 55. Qc1 Qd4+ 56. Kxh5 Qd5+ 57. Qg5 Qxg5+ 58.
Kxg5 b5 59. g4 b4 60. Kf6 b3 61. g5 b2 62. g6 b1=Q 63. g7 Qb2+ 64. Kf7 Qb3+ 65.
Kf8 Qb4+ 66. Kg8 Qb8+ 67. Kh7 Qb7 68. Kh8 Qxg7+ 69. Kxg7 {Normal} 1/2-1/2

[Event "Rated Blitz game"]
[Site "?"]
[Date "2021.11.10"]
[Round "?"]
[White "smith112358"]
[Black "BrilliantGambiteer"]
[Result "1-0"]
[WhiteElo "2409"]
[BlackElo "2361"]
[PlyCount "183"]
[EventDate "2021.??.??"]
[EventType "blitz"]

1. e4 e5 2. Nf3 d5 3. Nxe5 Bd6 4. d4 dxe4 5. Nc4 Nf6 6. Nc3 O-O 7. Nxd6 cxd6 8.
d5 Qe7 9. Be3 Bf5 10. Be2 Nbd7 11. Qd4 Ne5 12. O-O-O Rfe8 13. h3 Bg6 14. g4
Nfd7 15. h4 h6 16. h5 Bh7 17. g5 hxg5 18. h6 f5 19. hxg7 Qxg7 20. Rdg1 g4 21.
Nxe4 fxe4 22. Bxg4 Nxg4 23. Qxg7+ Kxg7 24. Rxg4+ Bg6 25. Bh6+ Kf6 26. Rf4+ Bf5
27. Rh5 Re5 28. Rfh4 Rg8 29. Be3 Rg1+ 30. Kd2 Bg6 31. Rxe5 Nxe5 32. Rh8 Nf3+
33. Kc3 Bf7 34. Bxa7 Bxd5 35. b3 Rg8 36. Rh6+ Kf7 37. Rxd6 Bc6 38. Be3 Ne5 39.
Bd4 Nf3 40. Be3 Rc8 41. Kb2 Rc7 42. a4 Rd7 43. Rh6 Ne5 44. a5 Ng4 45. Rh7+ Kg6
46. Rxd7 Bxd7 47. Bd4 Kf5 48. c4 Ke6 49. Kc3 Nf6 50. b4 Ne8 51. b5 Nd6 52. Kb4
Nf5 53. Bc5 Bc8 54. Bb6 Ne7 55. Be3 Nf5 56. Bb6 Nd6 57. c5 Nf5 58. c6 bxc6 59.
bxc6 Nd4 60. Kc5 Nb3+ 61. Kb5 Kd5 62. c7 Nxa5 63. Bxa5 Kd6 64. Bb6 Kd7 65. Kb4
Bb7 66. Kc5 Kc8 67. Kd4 Ba8 68. Ba5 Bb7 69. Ke3 Ba8 70. Kf4 Bb7 71. Ke5 Ba8 72.
Kd6 Bb7 73. Bb6 Ba8 74. Be3 Bb7 75. Bf4 Ba8 76. Kc5 Kd7 77. Kd4 Bb7 78. Ke3 Bc6
79. Kd2 Bb7 80. Kc3 Bc6 81. Kc4 Bb7 82. Be3 Ba8 83. c8=Q+ Kxc8 84. Kd4 Kd7 85.
Ke5 Ke7 86. Kf5 Kd6 87. Kg5 Ke6 88. f4 exf3 89. Kh4 f2 90. Bxf2 Kf5 91. Be1 Kf4
92. Bd2+ {Time forfeit} 1-0

[Event "Rated Blitz game"]
[Site "?"]
[Date "2021.11.10"]
[Round "?"]
[White "strange_309"]
[Black "Tristan2020"]
[Result "0-1"]
[WhiteElo "2412"]
[BlackElo "2382"]
[PlyCount "20"]
[EventDate "2021.??.??"]
[EventType "blitz"]

1. e4 e5 2. Nf3 d5 3. exd5 e4 4. Qe2 Nf6 5. Nc3 Bb4 6. Nxe4 O-O 7. c3 Nxe4 8.
d3 Nxc3 9. bxc3 Bxc3+ 10. Nd2 Re8 {Normal} 0-1

[Event "Rated Blitz tournament FgSmUvWK"]
[Site "?"]
[Date "2021.11.10"]
[Round "?"]
[White "PaterBrown"]
[Black "KoT_Tropical"]
[Result "0-1"]
[WhiteElo "2426"]
[BlackElo "2424"]
[PlyCount "82"]
[EventDate "2021.??.??"]
[EventType "blitz"]

1. e4 e5 2. Nf3 d5 3. Nxe5 Bd6 4. d4 dxe4 5. Nc4 Nf6 6. Nc3 O-O 7. Bg5 h6 8.
Bh4 Be7 9. Ne3 Nc6 10. d5 Ne5 11. Bxf6 Bxf6 12. Nxe4 Bh4 13. Be2 f5 14. Nc5 Qg5
15. g3 Qe7 16. Nb3 Bf6 17. O-O f4 18. Nc4 fxg3 19. hxg3 Bh3 20. Nxe5 Bxe5 21.
Bc4 Bxf1 22. d6+ Bxc4 23. dxe7 Rfe8 24. Qg4 Bf7 25. Re1 Rxe7 26. Nc5 Rae8 27.
Nxb7 h5 28. Qa4 Bxb2 29. Rxe7 Rxe7 30. Qb4 Bf6 31. Na5 Bd5 32. c4 Bf3 33. g4
hxg4 34. Qb8+ Kh7 35. Qb1+ g6 36. Nb3 Re5 37. Nd4 Rg5 38. Nxf3 gxf3+ 39. Kf1
Bd4 40. Qe4 Rh5 41. Ke1 Re5 {Normal} 0-1

[Event "Rated Blitz tournament qILcLztq"]
[Site "?"]
[Date "2021.11.10"]
[Round "?"]
[White "GeraldMithi"]
[Black "Yatatu408Empire"]
[Result "0-1"]
[WhiteElo "2239"]
[BlackElo "2453"]
[PlyCount "124"]
[EventDate "2021.??.??"]
[EventType "blitz"]

1. e4 e5 2. Nf3 d5 3. Nc3 dxe4 4. Nxe4 f5 5. Nxe5 Qe7 6. Qh5+ g6 7. Nxg6 hxg6
8. Qxh8 Qxe4+ 9. Be2 Kf7 10. Qh3 Nc6 11. d3 Qe5 12. Qg3 Bd6 13. Qxe5 Bxe5 14.
O-O Nf6 15. c3 Bd7 16. Bf3 Bd6 17. Bg5 Rh8 18. h3 b6 19. Rfe1 Ne5 20. Be2 c5
21. d4 cxd4 22. cxd4 Nc6 23. Bc4+ Kg7 24. Rad1 Re8 25. Rxe8 Bxe8 26. a3 Bf7 27.
Bb5 Ne7 28. b4 Ne4 29. Be3 Nc3 30. Rc1 Nxb5 31. a4 Nc7 32. a5 Ned5 33. axb6
axb6 34. Kf1 Bxb4 35. Ke2 b5 36. g3 Bc3 37. Kd3 b4 38. Bf4 Nb5 39. Kc4 Na3+ 40.
Kc5 b3 41. Be5+ Kg8 42. g4 b2 43. Rh1 b1=Q 44. Rxb1 Nxb1 45. f4 Nd2 46. Kd6 Nf3
47. gxf5 gxf5 48. Kc5 Kh7 49. Kc4 Kg6 50. Kd3 Kh5 51. Ke2 Nxd4+ 52. Kf2 Ne6 53.
Kg3 Bxe5 54. fxe5 f4+ 55. Kf3 Ng5+ 56. Kg2 Be6 57. h4 Kxh4 58. Kh2 Kg4 59. Kg2
Kf5 60. Kf2 Kxe5 61. Kg2 Ke4 62. Kf2 f3 {Time forfeit} 0-1

[Event "Rated Blitz game"]
[Site "?"]
[Date "2021.11.10"]
[Round "?"]
[White "RIBERCHESS"]
[Black "bobbybaer"]
[Result "0-1"]
[WhiteElo "2424"]
[BlackElo "2273"]
[PlyCount "36"]
[EventDate "2021.??.??"]
[EventType "blitz"]

1. e4 e5 2. Nf3 d5 3. d3 dxe4 4. dxe4 Qxd1+ 5. Kxd1 Bg4 6. Be2 Nc6 7. Be3 Nf6
8. Nbd2 O-O-O 9. Ng5 Rd7 10. f3 h6 11. Nh3 Bxh3 12. gxh3 g5 13. Bb5 Bb4 14. c3
Ba5 15. Bxc6 bxc6 16. Bxa7 Rhd8 17. Be3 Bb6 18. Bxb6 Rxd2+ {Normal} 0-1

[Event "Rated Blitz game"]
[Site "?"]
[Date "2021.11.10"]
[Round "?"]
[White "milayadevochkasasha"]
[Black "Tintyn"]
[Result "1-0"]
[WhiteElo "2441"]
[BlackElo "2407"]
[PlyCount "125"]
[EventDate "2021.??.??"]
[EventType "blitz"]

1. e4 e5 2. Nf3 d5 3. exd5 e4 4. Qe2 Nf6 5. Nc3 Qe7 6. Nd4 Qe5 7. Nb3 Bb4 8. d4
Bxc3+ 9. bxc3 Qxd5 10. c4 Qf5 11. Be3 O-O 12. h3 Nc6 13. g4 Qd7 14. Bg2 Re8 15.
g5 Qf5 16. gxf6 Qxf6 17. c3 a5 18. Nc5 Qg6 19. Kf1 a4 20. Qc2 f5 21. h4 Qf7 22.
Qd2 b6 23. d5 Ne5 24. Ne6 Bxe6 25. dxe6 Qxe6 26. Qd5 Nxc4 27. Qxe6+ Rxe6 28.
Bh3 Rf8 29. Ke2 h6 30. Rad1 Re7 31. Rd5 f4 32. Bc1 e3 33. f3 Rf6 34. Rg1 Kh7
35. Bf5+ g6 36. Bd3 Ne5 37. Ba3 c5 38. Bc2 Kg7 39. h5 g5 40. Bb2 Nc4 41. Ba1
Rd6 42. Rxd6 Nxd6 43. c4+ Kf7 44. Bg6+ Kf8 45. Bd3 Rd7 46. Rb1 Nc8 47. Bf5 Rc7
48. Be5 Rc6 49. Bxc8 Rxc8 50. Rxb6 Rd8 51. Rf6+ Ke7 52. Bc3 Rd6 53. Rxd6 Kxd6
54. Bg7 Ke6 55. Bxh6 Kf5 56. Bg7 g4 57. fxg4+ Kxg4 58. h6 Kg3 59. h7 Kg2 60.
h8=Q f3+ 61. Kxe3 f2 62. Qa8+ Kg1 63. Qf3 {Normal} 1-0

[Event "Rated Blitz game"]
[Site "?"]
[Date "2021.11.10"]
[Round "?"]
[White "supertoys"]
[Black "Annali-annaliew1979"]
[Result "1-0"]
[WhiteElo "2495"]
[BlackElo "2489"]
[PlyCount "83"]
[EventDate "2021.??.??"]
[EventType "blitz"]

1. e4 e5 2. Nf3 d5 3. Nxe5 Qe7 4. d4 f6 5. Nd3 Nc6 6. c3 Bf5 7. Be3 Bxe4 8. Nd2
Qf7 9. Nxe4 dxe4 10. Nc5 Bxc5 11. dxc5 Nge7 12. Qc2 Qg6 13. O-O-O O-O 14. Bc4+
Kh8 15. g3 a6 16. Rd7 Rfe8 17. Rxc7 Rad8 18. Rd1 Rxd1+ 19. Qxd1 Ne5 20. Be2
Nd3+ 21. Bxd3 exd3 22. Rd7 Nc6 23. Qxd3 Qh5 24. Rxb7 Ne5 25. Qd6 Qf3 26. c6 Qe2
27. Rd7 Nc4 28. Qb4 Nxe3 29. fxe3 Qxe3+ 30. Kc2 Qe2+ 31. Rd2 Qe6 32. c7 h6 33.
Rd8 Qe2+ 34. Kb3 Qe6+ 35. Ka3 Kh7 36. Qc5 Qg8 37. Rxe8 Qxe8 38. Qf5+ g6 39.
c8=Q Qe7+ 40. Qfc5 Qf7 41. Q8c7 Kg7 42. Q5e7 {Time forfeit} 1-0

[Event "Rated Blitz game"]
[Site "?"]
[Date "2021.11.10"]
[Round "?"]
[White "Hvca_mota"]
[Black "Tintyn"]
[Result "0-1"]
[WhiteElo "2413"]
[BlackElo "2436"]
[PlyCount "30"]
[EventDate "2021.??.??"]
[EventType "blitz"]

1. e4 e5 2. Nf3 d5 3. exd5 e4 4. Nd4 Nf6 5. c4 c6 6. Nc3 cxd5 7. cxd5 Nxd5 8.
Bc4 Nb6 9. Qb3 Qxd4 10. Bxf7+ Kd8 11. O-O Nc6 12. Re1 Bf5 13. d3 Qb4 14. dxe4
Qxb3 15. a3 Qxf7 {Normal} 0-1

[Event "Rated Blitz game"]
[Site "?"]
[Date "2021.11.10"]
[Round "?"]
[White "filolog"]
[Black "CT-Rex1234"]
[Result "1/2-1/2"]
[WhiteElo "2756"]
[BlackElo "2632"]
[PlyCount "131"]
[EventDate "2021.??.??"]
[EventType "blitz"]

1. e4 e5 2. Nf3 d5 3. exd5 e4 4. Qe2 Nf6 5. d3 Qxd5 6. Nfd2 Bb4 7. dxe4 Qxe4 8.
Qxe4+ Nxe4 9. Bd3 Nxd2 10. Bxd2 Bxd2+ 11. Nxd2 O-O 12. O-O-O Be6 13. Ne4 Nd7
14. Ng5 Nf6 15. Nxe6 fxe6 16. Bc4 Kf7 17. Rhe1 Rfe8 18. f4 g6 19. Re2 c6 20.
Rd6 Nd5 21. Bxd5 cxd5 22. Re3 Re7 23. Kd2 Rc8 24. Ra3 b6 25. Re3 Rc4 26. g3 h5
27. b3 Rc5 28. Re5 Ra5 29. a4 Rc5 30. Re3 Rcc7 31. Rc3 Rxc3 32. Kxc3 Rc7+ 33.
Kd4 Ke7 34. Ke5 Rxc2 35. Rxe6+ Kf7 36. Rd6 Rxh2 37. Rd7+ Ke8 38. Rxa7 Rg2 39.
Rb7 Rxg3 40. Rxb6 h4 41. a5 Kd8 42. a6 Kc7 43. a7 Re3+ 44. Kxd5 Re8 45. Rxg6
Kb7 46. Rh6 Kxa7 47. Rxh4 Kb6 48. Rh7 Kb5 49. f5 Rd8+ 50. Ke6 Rd1 51. f6 Kc5
52. Rc7+ Kb6 53. Rd7 Re1+ 54. Kf7 Rf1 55. Re7 Kc6 56. Kg7 Kd6 57. Re8 Rg1+ 58.
Kf8 Rf1 59. f7 Kd7 60. Re3 Rh1 61. Rd3+ Ke6 62. Re3+ Kf6 63. Rf3+ Ke6 64. Re3+
Kf6 65. Rf3+ Ke6 66. Re3+ {Normal} 1/2-1/2

[Event "Rated Blitz game"]
[Site "?"]
[Date "2021.11.10"]
[Round "?"]
[White "RememberTomorrow"]
[Black "kamaio"]
[Result "0-1"]
[WhiteElo "2421"]
[BlackElo "2360"]
[PlyCount "84"]
[EventDate "2021.??.??"]
[EventType "blitz"]

1. e4 e5 2. Nf3 d5 3. Nxe5 Bd6 4. d4 dxe4 5. Nc3 Bxe5 6. dxe5 Qxd1+ 7. Kxd1 Nc6
8. Bb5 Bg4+ 9. Ke1 Nge7 10. Nxe4 O-O-O 11. Bf4 Ng6 12. Bxc6 Nxf4 13. Bb5 Nxg2+
14. Kf1 Nf4 15. Rg1 Bh3+ 16. Ke1 c6 17. Bf1 Rhe8 18. Bxh3+ Nxh3 19. Rxg7 Rxe5
20. f3 f5 21. Rxh7 Ng5 22. Rh5 Nxf3+ 23. Kf2 fxe4 24. Rxe5 Nxe5 25. Ke3 Nc4+
26. Kxe4 Nxb2 27. h4 Rd2 28. Rh1 Nc4 29. h5 Nd6+ 30. Ke5 Nf7+ 31. Kf6 Nh6 32.
Kg6 Rd6+ 33. Kg5 Kc7 34. Re1 Kd7 35. Rb1 Nf7+ 36. Kf5 b6 37. Rg1 Nh6+ 38. Kg5
Ke7 39. Re1+ Kf7 40. Rf1+ Kg7 41. c4 Rd4 42. Re1 Rg4# {Normal} 0-1

[Event "Titled Tuesday 9th Nov"]
[Site "chess.com INT"]
[Date "2021.11.09"]
[Round "11"]
[White "Krzywda, A."]
[Black "Kovacevic, Radmila"]
[Result "1-0"]
[WhiteElo "2123"]
[BlackElo "2104"]
[PlyCount "61"]
[EventDate "2021.11.09"]
[EventType "swiss (blitz)"]
[EventRounds "11"]
[SourceTitle "The Week in Chess 1410"]
[Source "Mark Crowther"]
[SourceDate "2021.11.15"]
[SourceVersion "2"]
[SourceVersionDate "2021.11.16"]
[SourceQuality "2"]

1. e4 e5 2. Nf3 d5 3. Nxe5 Bd6 4. d4 dxe4 5. Qh5 g6 6. Qe2 Qe7 7. Nc3 Bf5 8.
Qb5+ c6 9. Qb3 Bxe5 10. dxe5 Be6 11. Bc4 Bxc4 12. Qxc4 Qxe5 13. Qxe4 Nd7 14.
Bf4 Qxe4+ 15. Nxe4 b6 16. O-O-O Ngf6 17. Nxf6+ Nxf6 18. Bh6 Nd7 19. Rhe1+ Kd8
20. Bg5+ Kc8 21. Re7 f6 22. Bf4 Ne5 23. Bxe5 fxe5 24. Rdd7 Rf8 25. f3 e4 26.
fxe4 a5 27. Rxh7 Rf1+ 28. Kd2 Rf2+ 29. Kc3 Rxg2 30. Rdg7 Kb8 31. Rg8# 1-0

[Event "Rated Blitz game"]
[Site "?"]
[Date "2021.11.09"]
[Round "?"]
[White "Analianov111"]
[Black "Annali-annaliew1979"]
[Result "0-1"]
[WhiteElo "2309"]
[BlackElo "2472"]
[PlyCount "76"]
[EventDate "2021.??.??"]
[EventType "blitz"]

1. e4 e5 2. Nf3 d5 3. Nxe5 Qe7 4. d4 f6 5. Qh5+ g6 6. Nxg6 Qxe4+ 7. Be2 Qxg6 8.
Qxd5 Ne7 9. Qb3 Nbc6 10. Be3 Bf5 11. Na3 O-O-O 12. O-O-O Nd5 13. Nc4 Ncb4 14.
Rd2 Qxg2 15. Rhd1 Qxh2 16. a3 Nc6 17. Bf3 Nxe3 18. fxe3 Qg3 19. Bxc6 bxc6 20.
Qa4 Be4 21. Qxa7 Bh6 22. Kb1 Bxe3 23. Nxe3 Qxe3 24. Ka1 f5 25. Qc5 Rhe8 26. Rh2
h6 27. c3 Rd6 28. Qa5 Kd7 29. Rh4 Rg8 30. Qe5 Rg1 31. Rxg1 Qxg1+ 32. Ka2 Qb1+
33. Kb3 Rd5 34. Qg7+ Kc8 35. Rh2 Rb5+ 36. Ka4 Bc2+ 37. Rxc2 Qxc2+ 38. b3 Qxb3#
{Normal} 0-1

[Event "Rated Blitz game"]
[Site "?"]
[Date "2021.11.09"]
[Round "?"]
[White "aadimovski"]
[Black "Annali-annaliew1979"]
[Result "0-1"]
[WhiteElo "2436"]
[BlackElo "2474"]
[PlyCount "20"]
[EventDate "2021.??.??"]
[EventType "blitz"]

1. e4 e5 2. Nf3 d5 3. Nxe5 Qe7 4. d4 f6 5. Qh5+ g6 6. Nxg6 Qxe4+ 7. Be2 Qxg6 8.
Qxd5 Ne7 9. Qc5 Qxg2 10. Rf1 Nbc6 {Normal} 0-1

[Event "Rated Blitz game"]
[Site "?"]
[Date "2021.11.09"]
[Round "?"]
[White "Rafael18"]
[Black "lavilaine"]
[Result "1-0"]
[WhiteElo "2365"]
[BlackElo "2421"]
[PlyCount "73"]
[EventDate "2021.??.??"]
[EventType "blitz"]

1. e4 e5 2. Nf3 d5 3. exd5 Bd6 4. Nc3 c6 5. dxc6 Nxc6 6. Bb5 Bg4 7. h3 Bh5 8.
g4 Bg6 9. d3 Nge7 10. Qe2 O-O 11. Be3 a6 12. Bxc6 Nxc6 13. O-O-O b5 14. Kb1 b4
15. Ne4 a5 16. h4 h5 17. Nfd2 hxg4 18. Qxg4 Bxe4 19. Qxe4 Ne7 20. h5 f5 21.
Qc4+ Kh7 22. h6 g6 23. Bg5 Qd7 24. f4 exf4 25. Bxf4 Bxf4 26. Qxf4 Nd5 27. Qg5
Rab8 28. Nc4 Rfc8 29. Rde1 Rb7 30. Rhg1 Nc3+ 31. bxc3 bxc3+ 32. Ka1 Qb5 33.
Qxg6+ Kh8 34. Qf6+ Kh7 35. Rg7+ Kh8 36. Rxb7+ Kg8 37. Qg7# {Normal} 1-0

[Event "Rated Blitz game"]
[Site "?"]
[Date "2021.11.09"]
[Round "?"]
[White "mtc90"]
[Black "King_bg03"]
[Result "0-1"]
[WhiteElo "2607"]
[BlackElo "2663"]
[PlyCount "42"]
[EventDate "2021.??.??"]
[EventType "blitz"]

1. e4 e5 2. Nf3 d5 3. exd5 e4 4. Ne5 Nf6 5. d4 exd3 6. Bxd3 Qxd5 7. O-O Be7 8.
Re1 O-O 9. Bg5 Be6 10. Nc3 Qd8 11. Qf3 c6 12. Rad1 Qc8 13. h3 Re8 14. Ne4 Nxe4
15. Bxe7 Nxf2 16. Bxh7+ Kxh7 17. Qh5+ Kg8 18. Qg5 Rxe7 19. Qxe7 Nxd1 20. Rxd1
Na6 21. h4 Qc7 {Normal} 0-1

[Event "Rated Blitz game"]
[Site "?"]
[Date "2021.11.09"]
[Round "?"]
[White "Davigator"]
[Black "King_bg03"]
[Result "0-1"]
[WhiteElo "2471"]
[BlackElo "2615"]
[PlyCount "48"]
[EventDate "2021.??.??"]
[EventType "blitz"]

1. e4 e5 2. Nf3 d5 3. Nxe5 Bd6 4. d4 dxe4 5. Nc4 Nf6 6. Be3 O-O 7. Be2 Nd5 8.
Nxd6 Qxd6 9. c4 Nf4 10. O-O Nxe2+ 11. Qxe2 f5 12. g3 f4 13. gxf4 Qg6+ 14. Kh1
Bg4 15. f3 Bxf3+ 16. Rxf3 exf3 17. Qxf3 Re8 18. Nd2 Nc6 19. Rg1 Qd3 20. Qd5+
Kh8 21. Qg5 Re7 22. f5 Qxe3 23. f6 Qxg5 24. Rxg5 gxf6 {Normal} 0-1

[Event "Rated Blitz game"]
[Site "?"]
[Date "2021.11.09"]
[Round "?"]
[White "DrunkenDude"]
[Black "Jomajo"]
[Result "1-0"]
[WhiteElo "2719"]
[BlackElo "2756"]
[PlyCount "73"]
[EventDate "2021.??.??"]
[EventType "blitz"]

1. e4 e5 2. Nf3 d5 3. exd5 e4 4. Qe2 Qe7 5. Nd4 Nf6 6. d3 exd3 7. Qxe7+ Bxe7 8.
Bxd3 Nxd5 9. O-O O-O 10. Re1 Bf6 11. c3 Bxd4 12. cxd4 Nc6 13. Be3 Ncb4 14. Be4
f5 15. Bxd5+ Nxd5 16. Nc3 Be6 17. Nxd5 Bxd5 18. Bf4 c6 19. Be5 Rae8 20. f3 f4
21. a3 g5 22. Kf2 Kf7 23. h4 h6 24. hxg5 hxg5 25. Rh1 c5 26. Rh7+ Kg6 27. Rg7+
Kf5 28. Rh1 cxd4 29. Bxd4 Bc4 30. Rh5 Re2+ 31. Kg1 Rf7 32. Rgxg5+ Ke6 33. Rc5
Ba6 34. Rh6+ Kd7 35. Be5 Re7 36. Rc7+ Ke8 37. Rh8+ {Normal} 1-0